| 000 | 00727nam a22002177a 4500 | ||
|---|---|---|---|
| 005 | 2010081302382.0 | ||
| 010 | _aENG-100117 | ||
| 020 | _c75.00 | ||
| 035 | _aEN-83649 | ||
| 037 | _bDBAD/PUB | ||
| 082 | _a324.25 | ||
| 100 |
_aSanthi, S. _912499 |
||
| 245 |
_aRashtriya swayamsevak sagam / _cby S. Santhi |
||
| 260 |
_aChennai _bToday Publications _c2008 |
||
| 270 |
_a192, Bells Road Chepauk _bChennai _e600014 |
||
| 300 |
_a118p. _c21cm (pbk) |
||
| 650 |
_aPolitical parties _912500 |
||
| 650 |
_aReligious institution _912501 |
||
| 942 |
_2ddc _cEN _h324.25 _mSAN |
||
| 999 |
_c41583 _d41583 |
||